Hệ thống các chính sách mới chế độ quản lý mới về Tài chính, kế toán, Thuế, Lao động tiền lương : Áp dụng cho các đơn vị hành chính sự nghiệp

Guardado en:
Detalles Bibliográficos
Autor principal: Huỳnh Minh Nhị ... [et al.]
Formato: Libro
Lenguaje:Undetermined
Publicado: H. Thống Kê 2003
Materias:
Etiquetas: Agregar Etiqueta
Sin Etiquetas, Sea el primero en etiquetar este registro!
Thư viện lưu trữ: Trung tâm Học liệu Trường Đại học Cần Thơ
LEADER 00747nam a2200205Ia 4500
001 CTU_56974
008 210402s9999 xx 000 0 und d
020 |b 195000 
082 |a 352.4 
082 |b H250 
100 |a Huỳnh Minh Nhị ... [et al.] 
245 0 |a Hệ thống các chính sách mới chế độ quản lý mới về Tài chính, kế toán, Thuế, Lao động tiền lương : Áp dụng cho các đơn vị hành chính sự nghiệp 
245 0 |c Huỳnh Minh Nhị ... [et al.] 
260 |a H. 
260 |b Thống Kê 
260 |c 2003 
650 |a finance, public 
650 |x management 
650 |z vietnam 
980 |a Trung tâm Học liệu Trường Đại học Cần Thơ